| 000 | 00659nam a2200205Ii 4500 | ||
|---|---|---|---|
| 003 | JO-AjNU | ||
| 008 | 230605s9999||||xx |||||||||||||| ||und|| | ||
| 017 | _a1988/1373 | ||
| 040 |
_aJO-AjNU _bara _erda _cJO-AjNU |
||
| 041 | _aara | ||
| 050 | 1 | 4 | _aBF1028.M8748.1988 |
| 100 | 3 |
_aالموصلي، سامي أحمد, _eauthor _939553 |
|
| 245 | 0 | 0 | _aالباراسيكولوجي ظواهر وتفسيرات |
| 264 | 3 | 1 | _aبغداد:دار الحرية للطباعة،1988 |
| 300 | _a176ص | ||
| 336 |
_atext _btxt _2rdacontent |
||
| 337 |
_aunmediated _bn _2rdamedia |
||
| 338 |
_avolume _bnc _2rdacarrier |
||
| 650 | 4 |
_aالعلوم السياسية _939554 |
|
| 999 |
_aA16714 _c20282 _d20282 |
||